Municipalities of Vilas County, Wisconsin - Statistics

General Stats
  • This quiz has been taken 4 times
  • The average score is 8 of 15
Answer Stats
Hint Answer % Correct
"B and J" A junction of boulders! (but it's not plural) (add the words together) Boulder Junction
100%
"L, D and F" fond du LAC + fond DU lac + FLAMBEAU (add the big words/letters together to get it) Lac Du Flambeau
100%
"L" Abraham _ _ _ _ _ _ _ Lincoln
100%
"W" _ _ _ _ _ _ _ _ _ _ D. C. Washington
100%
"A and V" ARBOR + VITa + AE (add the big words/letters together to get it) Arbor Vitae
67%
"L, O' (yes the apostrophe is supposed to be there), and L" That's a land of lakes! (change the "of" to O') Land O' Lakes
67%
"P" Pills + HELp + P. S (add the big words/letters together to get it) Phelps
67%
"P and I" No one would get this either here. - Presque Isle Presque Isle
67%
"C" Land of clovers. (but it's not plural) (add the words together) Cloverland
33%
"C" Hanover but change the first and second letter to a different letter. Conover
33%
"E and R" This is the county's county seat. Eagle River
33%
"P and L" That's a lake of plums! (add the words together) Plum Lake
33%
"M and W" Honestly no one would get this so here. - Manitowish Water Manitowish Waters
0%
"S and G" This includes the word saint and think of the word Germany but change the last to second vowel to a different one and change the last letter. St. Germain/Saint Germain
0%
"W" Featured on the YouTube channel Sam and Colby. (big fan) They went to the _ _ _ _ _ _ _ _ _ _ mystery house. Winchester
0%
No matching quizzes found
Score Distribution
Percent of People with Each Score
Percentile by Number Answered
Your Score History
You have not taken this quiz